| 000 | 00000nam##2200000za#4500 |
| 001 | 9.604333 |
| 003 | CaOODSP |
| 005 | 20210624211527 |
| 007 | cr ||||||||||| |
| 008 | 150406|1998||||xxc|||||o f|0| 0 fre|d |
| 040 | |aCaOODSP|bfre |
| 043 | |an-cn--- |
| 086 | 1 |aEn56-119/6-1998F-PDF |
| 110 | 1 |aCanada. |bEnvironnement Canada. |
| 245 | 10|aQuestions sectorielles|h[ressource électronique] |
| 260 | |aOttawa - Ontario : |bEnvironnement Canada |cOctobre 1998. |
| 300 | |a709p.|bfigures, graphiques, cartes, références, tableaux |
| 490 | 1 |aL'Étude pan-canadienne|vVolume VII |
| 590 | |a12-31-Supp|b2012-07-06 |
| 720 | 1 |aKoshida, Grace |
| 720 | 1 |aAvis, Wendy |
| 775 | 08|tNational sectoral volume / |w(CaOODSP)9.557358 |
| 776 | 0#|tQuestions sectorielles|w(CaOODSP)9.624898 |
| 830 | #0|aL'étude pan-canadienne ;|vVolume VII|w(CaOODSP)9.503450 |
| 856 | 40|ahttp://publications.gc.ca|qPDF|s4.51 Mo|uhttps://publications.gc.ca/collections/Collection/En56-119-6-1998F.pdf|yVolume VII |